=LDR 00000nam 2200000 4500 =001 000806 =005 20250711114439 =035 ##$$a 0010-0725000676 =007 ta =008 250711################a##########0#ind## =020 ##$$a 978-623-118-876-2 =082 ##$$a 398.209 598 =084 ##$$a 398.209 598 YER t =100 #$$a Yersita =245 1#$$a Tari si Bunga Matahari /$c Yersita =250 ##$$a Cetakan Pertama =260 ##$$a Jakarta :$b Badan Pengembangan dan Pembinaan Bahasa,$c 2024 =300 ##$$a 28 hlm. : $b ilus. ; $c 21 x 29,7 cm =650 #4$$a Cerita Anak-Indonesia =650 #4$$a Kesusastraan Anak =856 ##$$a TBM As Suhada =990 ##$$a TBM202400723